| 000 | 00574nam a2200217 a 4500 | ||
|---|---|---|---|
| 005 | 20251105063858.0 | ||
| 008 | 010517s1994 r 000 0 eng d | ||
| 020 | _a8437605695 | ||
| 035 | _aUPN01000106342 | ||
| 049 | _aCG | ||
| 050 | 4 |
_aBF161 _bS4.58 1994 |
|
| 100 | 1 | _aSearle, John | |
| 245 | 1 | 0 |
_aMentes, cerebros y ciencia / _cJohn Searle ; tr. de Luis Valdés. |
| 250 | _a3a ed. | ||
| 260 |
_aMadrid : _bCátedra, _c1994. |
||
| 300 | _a111 p. | ||
| 440 | 0 |
_aTeorema. _pSerie menor |
|
| 650 | 2 |
_aMente y cuerpo _98110 |
|
| 650 | 4 |
_aCerebro _95053 |
|
| 905 | _aLibro | ||
| 999 |
_c80255 _d80255 |
||